00386nam a2200145 i 450000100060000000300090000600500170001500700030003200800410003524500690007625000120014526000350015730000270019285200210021976813ES-MaACL20230906172953.0t|041005s1920 xxk ||||1| eng d02aA guide to the antiquities of the bronze age / cBritish Museum. a2nd ed. aOxford : bUniversity, c1920. aXII, 187 p. ; c22 cm. aES-MaACLjF-1860